Investigaciones filosóficas /

Guardado en:
Autor Principal: Wittgenstein, Ludwig.
Otros Autores: Moulines, Carlos Ulises; trad., García Suárez, Alfonso; trad.
Formato: Libro
Idioma:Undetermined
Publicado: Madrid : Gredos, 2014.
Series:Grandes pensadores
Materias:
Etiquetas: Agregar Etiqueta
Sin Etiquetas, Sea el primero en etiquetar este registro!
LEADER 00680nam a22001935a 4500
001 CEM.cems020579
008 231025s2014####sp############000#0#und#d
005 20231025194305.0
245 1 0 |a Investigaciones filosóficas /  |c Ludwig Wittgenstein ; traducción y notas de Alfonso García Suárez y Carlos Ulises Moulines. 
260 |a Madrid :  |b Gredos,  |c 2014. 
300 |a 496 p. 
490 1 |a Grandes pensadores 
020 |a 9788447378784 
100 1 |a Wittgenstein, Ludwig. 
700 1 |a Moulines, Carlos Ulises; trad. 
700 1 |a García Suárez, Alfonso; trad. 
653 |a Filosofía 
653 |a Filosofía analítica 
859 |a CEMS  |b BIB. CEMS - 11 de abril  |h 193  |i W784-1  |p 29766.23  |t Ej.1